Dějiny chodské keramiky /

Hlavní autor: Scheufler, Vladimír, 1922-1995
Jazyk: Čeština
Vydáno: Plzeň : Krajské nakladatelství, 1959
Fyzický popis: 191 s.
Knihy
Uloženo v:
LEADER 00659nam a22002172a 4500
001 000313533
003 CZ BrMZK
005 20140814120954.0
007 ta
008 980105s1959 xr f cze d
015 |a cnb000684004 
040 |a BOA001  |b cze 
100 1 |a Scheufler, Vladimír,  |d 1922-1995  |7 jk01110906  |4 aut 
245 1 0 |a Dějiny chodské keramiky /  |c Vladimír Scheufler 
260 |a Plzeň :  |b Krajské nakladatelství,  |c 1959 
300 |a 191 s. 
504 |a Obsahuje bibliografii 
910 |a BOA001  |b 2-0420.507 
990 |a BK 
991 |b 201407 
996 6 |b 2619834640  |c 2-0420.507  |l MZK  |r Sklad / do 24 hodin  |n 11  |w 000313533  |u 000010  |a 1  |e BOA001  |j MZK50  |s P